| 000 | 01004nam a22001937a 4500 | ||
|---|---|---|---|
| 999 |
_c63457 _d63457 |
||
| 003 | Ge_BSU | ||
| 005 | 20251013204451.0 | ||
| 008 | 251013s1995 ge ||||| |||| 00| 0 geo d | ||
| 041 | _ageo | ||
| 080 | _a339.74 კ-17 | ||
| 100 |
_aკაკულია, რევაზ _9751 |
||
| 245 |
_aსაერთაშორისო სავალუტო და საკრედიტო ურთიერთობები / _c[რედ.: იაკობ მესხია]; საქ. ეკონ. და სოც. პრობლემების ს.-კ. ინ-ტი. |
||
| 264 |
_aთბ., _c1995. |
||
| 300 |
_a247გვ. ; _b20სმ. |
||
| 653 | _aსაერთაშორისო სავალუტო ურთიერთობები | ||
| 653 | _aსაერთაშორისო საკრედიტო ურთიერთობები. | ||
| 700 |
_aმესხია, იაკობ _eრედაქტორი _926022 |
||
| 942 |
_2udc _cᲬᲘᲒᲜᲘ |
||